| 000 | 00804nam a2200205 4500 | ||
|---|---|---|---|
| 999 |
_c19213 _d19213 |
||
| 008 | 240219b ||||| |||| 00| 0 eng d | ||
| 020 | _a9781119540601 | ||
| 082 |
_aDRef 420.143018 _bH191 2021 |
||
| 245 |
_aThe handbook of English linguistics / _cedited by Bas Aarts, April McMahon, and Lars Hinrichs. |
||
| 250 | _aSecond edition. | ||
| 260 |
_aHoboken, NJ : _bWILEY Blackwell, _c©2021. |
||
| 300 |
_axv, 682 pages : _billustrations ; _c26 cm. |
||
| 500 | _aIncludes bibliographical references and index. | ||
| 650 |
_aEnglish language _vHandbooks, manuals, etc. _952706 |
||
| 650 |
_aLinguistics _vHandbooks, manuals, etc. _910864 |
||
| 700 |
_aAarts, Bas _eeditor. _952707 |
||
| 700 |
_aMcMahon, April _eeditor. _952708 |
||
| 700 |
_aHinrichs, Lars _eeditor. _952709 |
||
| 942 |
_2ddc _cDREF |
||